000 00224nam a2200097Ia 4500
001 744878
005 20250826164306.0
008 250824s9999 xx 000 0 und d
245 0 _aLİMON
_cANONİM
260 _bKARATAY YAYINLARI
999 _c744878
_d744878